Nghiên cứu thành phần hoá học của quả cây cọ Hạ Long (Livistona halongensis T.H.Nguyen & Kiew)
Tổng quan tài liệu; Nghiên cứu thực nghiệm; Kết quả và bàn luận..
Gorde:
| Egile nagusia: | |
|---|---|
| Beste egile batzuk: | |
| Formatua: | Liburua |
| Argitaratua: |
Đà Nẵng
Đại học Đà Nẵng
2011
|
| Gaiak: | |
| Etiketak: |
Etiketa erantsi
Etiketarik gabe, Izan zaitez lehena erregistro honi etiketa jartzen!
|
| Thư viện lưu trữ: | Mạng thư viện Đại học Đà Nẵng |
|---|
| LEADER | 01478nam a2200313 4500 | ||
|---|---|---|---|
| 001 | 000017662 | ||
| 003 | 14086 | ||
| 005 | 20130830160848.0 | ||
| 008 | 130510s2011 sd | ||
| 082 | |a 664.8007 |b NG-L | ||
| 100 | |a Nguyễn Thị Thu Ly | ||
| 245 | |a Nghiên cứu thành phần hoá học của quả cây cọ Hạ Long (Livistona halongensis T.H.Nguyen & Kiew) |c Nguyễn Thị Thu Ly ; Trần Văn Sung hướng dẫn. |k Luận văn Thạc sĩ | ||
| 260 | |a Đà Nẵng |b Đại học Đà Nẵng |c 2011 | ||
| 300 | |a 75 tr. |b Hình mh. |c 29 cm. |e Đĩa CD, tài liệu tóm tắt | ||
| 500 | |a Luận văn thạc sĩ khoa học. Chuyên ngành: Hóa hữu cơ. Mã số: 60.44.27 | ||
| 520 | |a Tổng quan tài liệu; Nghiên cứu thực nghiệm; Kết quả và bàn luận.. | ||
| 650 | 0 | 4 | |a Cây cọ |v Luận văn tốt nghiệp |x Thành phần hóa học |x Nghiên cứu |z Hạ Long |
| 653 | |a Hóa học hữu cơ |a Cây cọ | ||
| 700 | |a Trần Văn Sung |c T.S |e Hướng dẫn | ||
| OWN | |a LSP | ||
| AVA | |a UDN50 |b LSP |d 664.8007 NG-L |e available |t Error 5001 Not defined in file expand_doc_bib_avail. |f 1 |g 0 |h N |i 0 |k 1 | ||
| 999 | |a From the UDN01 | ||
| AVA | |a UDN50 |b LSP |d 664.8007 NG-L |e available |t Error 5001 Not defined in file expand_doc_bib_avail. |f 1 |g 0 |h N |i 0 |k 1 | ||
| TYP | |a Monograph | ||
| TYP | |a Printed language | ||
| 980 | |a Mạng thư viện Đại học Đà Nẵng | ||